000 01221nam a22003137a 4500
005 20240530110426.0
008 150128sua ua o g 000 0 ara d
017 _a2011/10124
_bمصر . دار الكتب المصرية
020 _a9789774382191
040 _aEG-CaGPL
041 0 _aara
082 0 4 _221
_a364.152\
_bس م
100 0 _aسمير محمد الششتاوى
245 1 2 _aالمسئولية الجنائية لضباط الشرطة عن قتل المتظاهرين /
_cسمير محمد الششتاوى
250 _aط 1
260 _aالاسكندرية :
_bالمكتب الجامعى الحديث ،
_c2011
300 _a440 ص :
_bصور ؛
_c24 سم
650 0 4 _aثورة 25 يناير
650 0 4 _aثورة 25 يناير
_xقتل المتظاهرين
650 0 4 _aالقتل العمد
650 0 4 _aجرائم ضد الانسانية
650 0 4 _aثورة 25 يناير
_vصور
650 0 4 _aلجنة تقصى الحقائق
650 0 4 _aالشرطة
_xثورة 25 يناير
650 0 4 _aاقتحام السجون
651 0 4 _aمصر
_xتاريخ
_yالعصر الحديث
_xثورة 25 يناير
942 _2ddc
_cBK
999 _c60747
_d60747